O nauticômio (Record no. 142061)

MARC details
000 -LÍDER
campo de controle de tamanho fixo 00485 a2200181 4500
001 - NÚMERO DE CONTROLE
campo de controle 142061
040 ## - FONTE DA CATALOGAÇÃO
Instituição que transcreveu o registro Leonardo Da Vinci
041 ## - CÓDIGO DE IDIOMA
Código do idioma do texto/trilha sonora ou título diferente Português
082 ## - CDD - CLASSIFICAÇÃO DECIMAL DE DEWEY
Número de Classificação 797.124 F823n
Número do exemplar F823n
100 ## - ENTRADA PRINCIPAL--NOME PESSOAL
Nome pessoal FORN, Hernán Alvarez
245 ## - TÍTULO
Título O nauticômio
Restante do título de formiga negra
260 ## - PUBLICAÇÃO, DISTRIBUIÇÃO, ETC.
Nome do editor, distribuidor, etc. Marítimas
Data da publicação, distribuição, etc. 1988
Local de publicação, distribuição, etc. Rio de Janeiro
300 ## - DESCRIÇÃO FÍSICA
Extensão 220
362 ## - DATAS DE PUBLICAÇÃO E/OU DESIGNAÇÃO SEQUENCIAL
Datas de publicação e/ou designação sequencial 19880000
500 ## - NOTA GERAL
Nota geral Carmen Ballor (Tradução)
520 ## - NOTA DE RESUMO, ETC
Resumo, etc. Navegação à vela
-- Navegador
-- Superstição
-- Barco
942 ## - ELEMENTOS DE ENTRADA ADICIONADOS (KOHA)
Tipo de material Koha Livros
Holdings
Situação do descarte Situação das perdas Situação física Não pode ser emprestado Biblioteca de origem Biblioteca atual Data de aquisição Total de empréstimos Número de chamada completo Código de barras Data de último acesso Data do preço efetivo Tipo de material Koha
        Leonardo Da Vinci - Osasco Leonardo Da Vinci - Osasco 27/03/2024   797.124 F823n O009473 27/03/2024 27/03/2024 Livros